Statistics for Nottinghamshire Train Stations

Click here to take the quiz!

General Stats

  • This quiz has been taken 29 times
  • The average score is 16 of 29

Answer Stats

Main OperatorStation% Correct
East Midlands RailwayNottingham
100%
East Midlands RailwayBeeston
81%
East Midlands RailwayMansfield
81%
London North Eastern RailwayNewark Northgate
74%
NorthernWorksop
74%
East Midlands RailwayNewark Castle
70%
East Midlands RailwayCarlton
67%
East Midlands RailwayHucknall
63%
NorthernRetford
63%
East Midlands RailwayAttenborough
59%
East Midlands RailwayMansfield Woodhouse
59%
East Midlands RailwayBulwell
56%
East Midlands RailwayBurton Joyce
56%
East Midlands RailwayEast Midlands Parkway
56%
East Midlands RailwayNetherfield
56%
East Midlands RailwayBingham
52%
East Midlands RailwayElton & Orston
52%
East Midlands RailwayKirkby-in-Ashfield
52%
East Midlands RailwayLowdham
52%
East Midlands RailwaySutton Parkway
48%
East Midlands RailwayAslockton
44%
East Midlands RailwayBleasby
41%
East Midlands RailwayFiskerton
41%
East Midlands RailwayNewstead
41%
East Midlands RailwayRadcliffe
41%
East Midlands RailwayRolleston
41%
NorthernShireoaks
37%
East Midlands RailwayThurgarton
37%
East Midlands RailwayCollingham
33%

Score Distribution

Percentile by Number Answered

Percent of People with Each Score

Your Score History

You have not taken this quiz